| 000 | 00479 a2200169 4500 | ||
|---|---|---|---|
| 003 | OSt | ||
| 005 | 20231229114830.0 | ||
| 008 | 231229b |||||||| |||| 00| 0 eng d | ||
| 020 | _a9789350004487 | ||
| 040 | _coclc | ||
| 082 |
_a891.431 _bKUM/S |
||
| 100 |
_aKumar, Dushyant _910205 |
||
| 245 |
_aSURYA KA SWAGAT / _cDushyanth Kumar |
||
| 260 |
_aNew Delhi: _bVani Prakashan, _c2016. |
||
| 300 | _a79p | ||
| 942 |
_2ddc _cBK _h891.431 _iKUM/S _k891.431 _mKUM/S |
||
| 999 |
_c43616 _d43616 |
||